| 000 | 00581nam a2200205Ia 4500 | ||
|---|---|---|---|
| 005 | 20250923145416.0 | ||
| 008 | 008 250917s9999 xx 000 0 eng d | ||
| 037 | _aTextual | ||
| 040 |
_aDSWL _beng _cDSWL |
||
| 041 |
_aeng _2eng |
||
| 084 |
_aYx,A;5-Pxa, N75 _qDSWL |
||
| 100 |
_aOettinger, K.B. _9835008 |
||
| 245 | 0 |
_aSocial work in action _c by K.B.Oettinger |
|
| 260 |
_aNew York _b Inst. Asstt. of S.g.s.w _c1875 |
||
| 300 | _avi,245 p. | ||
| 365 |
_aUSD _b2 . 0 |
||
| 925 | _g2 . 0 | ||
| 942 |
_cTEXL _hYx,A;5-Pxa, N75 |
||
| 999 |
_c1451013 _d1451013 |
||